000
00310nam a2200121Ia 4500
008
191201s2014 xx 000 0 und d
100
_a
GARG, Santosh Kumar
245
0
_a
Water Supply Engineering Vol.1
260
_a
N. Delhi
_b
Khanna Publisher
_c
2014
300
_a
1054
650
_a
B.Tech(CE)
942
_2
ddc
_c
BK
999
_c
6540
_d
6540